000 00485nam a2200169 4500
001 108163
003 ES-MaACL
005 20230906184607.0
007 t|
008 061121s1933 bo r ||||1| spa d
100 1 _aMolins, W. Jaime.
_982017
245 1 0 _aAspectos máximos de la campaña del Chaco
_b: conferencia /
_cW. Jaime Molins.
260 _aLa Paz :
_bArnó Hermanos,
_c1933.
300 _a16 p. ;
_c18 cm.
852 _aES-MaACL
_j1792-F-4
852 _aES-MaACL
_j1788-F-3
999 _c108163
_d108163